|
|
|
|
| LEADER |
01240nam a22003737a 4500 |
| 001 |
30204 |
| 003 |
BD-DhAAL |
| 005 |
20151027165356.0 |
| 008 |
151021s1998 bg a|||| b||| 00| 0 eng d |
| 040 |
|
|
|a BD-DhAAL
|c BD-DhAAL
|
| 082 |
|
|
|2 22
|a 307.1412095492
|
| 999 |
|
|
|c 35934
|d 35934
|
| 999 |
|
|
|c 35934
|
| 999 |
|
|
|c 35923
|
| 999 |
|
|
|c 35916
|
| 999 |
|
|
|c 35910
|
| 999 |
|
|
|c 35910 | 35909 | 35869 | 35868 | 35864 | 35863
|
| 999 |
|
|
|c 35909
|
| 999 |
|
|
|c 35869
|
| 999 |
|
|
|c 35868
|
| 999 |
|
|
|c 35864
|
| 999 |
|
|
|c 35863
|
| 100 |
|
|
|9 15609
|a Mahmud, Simeen
|
| 245 |
|
|
|a Participation in BRAC's rural development program and the impact of group dynamics on individual outcomes :
|b working paper no. 24 /
|c Simeen Mahmud
|
| 260 |
|
|
|a Dhaka :
|b BRAC-ICDDR,B joint research project, BRAC,
|c 1998
|
| 300 |
|
|
|a 27 p. :
|b ill. ;
|c 28 cm.
|
| 541 |
|
|
|e 30204
|
| 610 |
|
|
|a BRAC
|9 15610
|
| 650 |
|
|
|a Rural Development
|z Bangladesh
|9 15611
|
| 700 |
|
|
|a Huda, Samiha
|9 15733
|
| 710 |
|
|
|a BRAC
|9 15610
|
| 852 |
|
|
|a Ayesha Abed Library
|c BRAC Resource Section
|
| 942 |
|
|
|2 ddc
|c BK
|
| 952 |
|
|
|0 0
|1 0
|2 ddc
|4 0
|6 307_141209549200000_MAH
|7 0
|9 56467
|a BRACUL
|b BRACUL
|c BRS
|d 2015-10-27
|e BRAC
|l 0
|o 307.1412095492 MAH
|p 3010030204
|r 2015-10-27
|t 1
|w 2015-10-27
|y BK
|